| 000 | 00541cab a22002055a 4500 | ||
|---|---|---|---|
| 001 | L153334 | ||
| 008 | 110712e2011 xxk 000 0 eng d | ||
| 020 | _a9781848061866 | ||
| 035 | _a(Sirsi) u153334 | ||
| 041 | 0 | _aeng | |
| 100 | 1 | _aReynolds, Tim | |
| 245 | 0 | 0 | _aTimber cladding |
| 260 |
_aBracknell _bBRE Publications _c2011 |
||
| 490 |
_aBRE Digest _v521 |
||
| 650 | 2 | 4 | _aSTRUCTURAL TIMBER |
| 690 | _aBUILT ENVIRONMENT - BUILDING MATERIALS | ||
| 700 | 1 | _aHolland, Chris | |
| 710 | _aBuilding Research Establishment | ||
| 942 | _n0 | ||
| 999 |
_c83263 _d83263 |
||